[Event "3rd India-China Summit 2018"]
[Site "Bhubaneswar"]
[Date "2018.10.20"]
[Round "5"]
[White "Lu, Shanglei"]
[Black "Aravindh, Chithambaram VR."]
[Result "1-0"]
[WhiteElo "2635"]
[BlackElo "2578"]
[Annotator "TA"]
[PlyCount "91"]
[EventDate "2018.10.17"]
[EventType "schev"]
[EventCountry "IND"]
[SourceTitle "playchess.com"]
[Source "ChessBase"]
[SourceQuality "1"]
[WhiteTeam "China"]
[BlackTeam "India"]
[WhiteTeamCountry "CHN"]
[BlackTeamCountry "IND"]

{[%evp 12,91,9,0,7,-15,-14,-15,-2,-12,-11,-15,0,-17,6,0,0,0,21,23,41,0,32,35,32,27,27,37,40,18,40,10,10,10,10,9,9,0,0,0,23,13,6,3,45,45,36,20,40,43,43,31,150,145,156,156,272,250,397,389,435,428,424,408,380,379,852,830,883,894,906,860,877,862,851,734,1333,1334,1101,810,6203,5538]} 1. e4 c6 2. Nc3 d5 3. Nf3 Bg4 4. h3 Bxf3 5. Qxf3 e6 6. d3 Nd7 7. g3 Bb4 {B11: Caro-Kann: Two Knights Variation} (7... g6 8. Bg2 Bg7 9. O-O Ne7 10. Qe2 O-O 11. f4 {½-½ (11) Fedorov,A (2572)-Tomczak,J (2600) Suwalki 2018}) 8. Bd2 d4 9. Nb1 Qb6 {The position is equal.} 10. b3 Ne7 11. Bg2 O-O 12. O-O f5 $146 ({Predecessor:} 12... Bxd2 13. Nxd2 c5 14. Qe2 e5 15. Nc4 Qc7 16. Nd2 Qb6 17. Nc4 Qc7 18. Nd2 Qb6 19. Nc4 {½-½ (19) Huang,R (2281)-Lin,Y (2345) Daqing 2018}) 13. Bxb4 Qxb4 14. exf5 exf5 15. Qe2 Ng6 16. Re1 Rf7 {aiming for ...Re7.} 17. a3 Qf8 18. Nd2 Re7 19. Qh5 Rae8 20. Rxe7 Rxe7 21. Nf3 Qf6 22. Re1 Rxe1+ 23. Nxe1 Ngf8 24. Nf3 g6 25. Qh6 Ne6 26. Qd2 Qe7 27. b4 {[%cal Bb3b4,Bb4a5][%mdl 32]} a5 28. bxa5 Qxa3 29. Qe1 $36 {[%mdl 2048] White has the initiative.} Kf7 30. Qb1 Nd8 31. Ng5+ Kf6 (31... Kg7 $14) 32. Nxh7+ $16 Kg7 {[#]} 33. Qe1 $1 Nf7 (33... Qd6 $16) 34. Qe6 $18 Nde5 (34... Qd6 {was called for.} 35. Ng5 Qxe6 36. Nxe6+ Kf6) 35. f4 {[%cal Bf2f4,Bf4e5][%mdl 32]} Kxh7 36. fxe5 Ng5 {[#]} 37. Qd7+ $1 Kh6 38. Qxd4 Qc1+ $2 (38... Qe7 39. Qd6 Qf7) 39. Kh2 {White is clearly winning.} Qd2 40. Qf4 Qxf4 41. gxf4 {KB-KN} Ne6 42. Kg3 Nd4 43. h4 Ne2+ 44. Kf3 Nd4+ 45. Kf2 Nxc2 46. Bxc6 {Precision: White = 72%, Black = 39%.} 1-0

[Event "3rd India-China Summit 2018"]
[Site "Bhubaneswar"]
[Date "2018.10.20"]
[Round "5"]
[White "Narayanan, Srinath"]
[Black "Xu, Yinglun"]
[Result "1-0"]
[WhiteElo "2565"]
[BlackElo "2533"]
[Annotator "TA"]
[PlyCount "71"]
[EventDate "2018.10.17"]
[EventType "schev"]
[EventCountry "IND"]
[SourceTitle "playchess.com"]
[Source "ChessBase"]
[SourceQuality "1"]
[WhiteTeam "India"]
[BlackTeam "China"]
[WhiteTeamCountry "IND"]
[BlackTeamCountry "CHN"]

{[%evp 13,71,36,38,31,29,30,33,8,43,8,27,8,8,12,0,0,9,-22,2,0,0,-41,-15,-18,0,0,0,0,33,0,30,14,64,8,11,16,120,111,122,106,86,85,124,102,103,88,93,98,89,91,129,89,145,131,697,706,1143,1087,1063,968]} 1. e4 c5 2. Nf3 d6 3. d4 cxd4 4. Nxd4 Nf6 5. Nc3 a6 6. Be3 e6 7. a3 {B80: Sicilian Scheveningen: 6 g3 and 6 Be3, including English Attack} (7. g4 h6 8. h4 Nc6 9. Rg1 h5 10. gxh5 Nxh5 11. Nxc6 bxc6 12. Qf3 Rb8 13. O-O-O g6 14. Ba7 Ra8 15. Bd4 Rh7 16. Na4 {½-½ (25) Sarana,A (2641)-Sjugirov,S (2654) Sochi 2018}) 7... Nc6 {LiveBook: 11 Games} 8. h3 Be7 9. g4 {White has an edge.} h6 10. Bg2 $146 ({Predecessor:} 10. Rg1 Qc7 11. Qe2 Nxd4 12. Bxd4 e5 13. Be3 Be6 14. O-O-O Rc8 15. Kb1 {½-½ (29) Zolochevsky,V (2365)-Ermolaev,A (2431) ICCF email 2011}) 10... O-O 11. f4 d5 12. e5 Nd7 13. O-O Nxd4 14. Bxd4 b6 15. Kh1 a5 16. g5 {Hoping for gxh6.} Ba6 17. Rf2 g6 18. gxh6 Bh4 19. Rd2 Kh7 20. Qg4 Qe7 21. Rg1 Rae8 22. Kh2 {aiming for Bxd5.} Qd8 23. Nd1 (23. Bf3 $14) 23... Rg8 24. Ne3 $36 {[%mdl 2048] c4 is the strong threat. Black is under pressure.} Qe7 (24... Be7 $1 $11 {remains equal.}) 25. Bf3 $16 {[#] Threatens to win with Ng2.} f5 26. exf6 $1 Bxf6 27. c4 Bxd4 28. Rxd4 {[%cal Bd2d4,Bd4c4,Bc4c6][%mdl 32]} Nf6 29. Qg5 {[%cal Rc4d5]} Bxc4 30. Nxc4 dxc4 31. Rxc4 Rd8 32. Rc6 {Strongly threatening Re1.} Rd2+ (32... Qf7 $142) 33. Kh1 Qf7 $2 {[%mdl 8192] [#]} (33... Rd3 $16) 34. f5 $18 {[%cal Bf4f5,Bf5e6][%mdl 32] White is clearly winning.} Rxb2 35. fxe6 Qe7 36. Qe5 {Precision: White = 41%, Black = 30%.} 1-0

[Event "3rd India-China Summit 2018"]
[Site "Bhubaneswar"]
[Date "2018.10.20"]
[Round "5"]
[White "Bai, Jinshi"]
[Black "Karthikeyan, Murali"]
[Result "1/2-1/2"]
[WhiteElo "2556"]
[BlackElo "2605"]
[Annotator "TA"]
[PlyCount "133"]
[EventDate "2018.10.17"]
[EventType "schev"]
[EventCountry "IND"]
[SourceTitle "playchess.com"]
[Source "ChessBase"]
[SourceQuality "1"]
[WhiteTeam "China"]
[BlackTeam "India"]
[WhiteTeamCountry "CHN"]
[BlackTeamCountry "IND"]

{[%evp 26,133,10,14,19,15,4,0,0,0,0,0,0,0,0,0,0,-10,0,-7,0,0,0,0,0,0,0,0,0,0,0,0,0,-38,-27,-26,-23,-34,-29,-29,-29,-33,-33,-38,-39,-52,-55,-55,-56,-54,-52,-42,-41,-54,-45,-78,-97,-75,0,-64,-60,-50,-15,-100,-47,-47,-47,-56,-56,-55,-14,-14,-14,-14,-14,-14,-8,-8,-8,-8,-8,-8,-8,-8,-8,-8,-22,-29,-29,-38,-38,-38,-8,-8,-8,-8,-8,-8,-8,-8,-8,-8,-8,-8,-8,-8,-8,-8,-8,-8]} 1. d4 Nf6 2. c4 e6 3. Nc3 Bb4 4. Nf3 d5 5. Bg5 h6 6. Bxf6 Qxf6 7. e3 O-O 8. Qb3 c5 9. cxd5 exd5 10. dxc5 Bxc3+ 11. Qxc3 Qxc3+ 12. bxc3 Nd7 {[%cal Bb8d7,Bd7f6,Bf6e4][%mdl 32] D38: Queen's Gambit Declined: Ragozin Defence (4 Nf3 Bb4)} 13. Rd1 Nf6 (13... Nxc5 14. Rxd5 b6 15. Rd4 Ne6 16. Rd6 Bb7 17. Nd4 Nxd4 18. Rxd4 Rac8 19. Kd2 Rc5 20. Rg1 Rfc8 21. Bd3 Kf8 {1-0 (60) Li,C (2735)-Harikrishna,P (2737) Geneva 2017 CBM 180 [Krasenkow,M]}) 14. Nd4 {LiveBook: 3 Games} Bd7 15. Rb1 Rab8 16. c4 $146 ({Predecessor:} 16. f3 Rfc8 17. Nb3 Ba4 18. Bd3 Bxb3 {½-½ (18) Szczepanski,Z (2461)-Offenborn,H (2421) LSS email 2011}) 16... Rfc8 17. cxd5 Rxc5 18. d6 Ne4 19. Bd3 Nxd6 20. Kd2 Kf8 21. Rhc1 Rbc8 (21... Rh5 {is more complex.} 22. Rc7 Ke8 23. h3 Ra5 24. Ra1 Rc8) 22. a3 b6 {[%cal Bb7b6,Bb6c5,Bc5c4,Bc4c3][%mdl 32]} (22... g5 {is interesting.} 23. f3 b6 24. Nb3 Nc4+ 25. Ke2 R5c7) 23. Rxc5 bxc5 24. Ne2 Bc6 25. f3 c4 26. Bc2 c3+ 27. Kc1 Nc4 28. e4 $1 Ne3 29. Rb4 Nxg2 30. Rc4 Ke7 31. Rxc3 Bd7 32. Rxc8 Bxc8 $11 {[%mdl 4096] Endgame KBN-KBN} 33. Kd2 Kd6 34. Bb3 f6 35. Nc3 Ke5 36. Ke2 Bd7 37. Kf2 Nf4 38. Ke3 g5 39. Bf7 Bc6 40. Nb1 Ng2+ 41. Kf2 Nf4 42. Ke3 $1 f5 {[%cal Rf5e4]} 43. Nd2 h5 44. h4 (44. exf5 $11 {remains equal.} Kxf5 45. Kd4) 44... Kf6 (44... Ng2+ $17 45. Kf2 Nxh4 46. exf5 Kxf5 47. Bxh5 Kf4) 45. hxg5+ $15 Kxg5 46. exf5 Kxf5 47. Nb3 {[#] aiming for Nd4+.} Ke5 (47... Bd7 {keeps more tension.} 48. Bc4 h4 49. Kf2 Ke5 50. Bf1 Nd5) 48. Na5 $1 {[%cal Ra5c6]} Bb5 49. Nc4+ Bxc4 $1 50. Bxc4 $11 {KB-KN} a5 51. a4 h4 {[#] ( -> ...h3)} 52. Kf2 Kf6 53. Kg1 Kf5 54. Kh2 Ke5 55. Ba6 Kd4 56. Bb7 Kc5 57. Be4 Kb4 58. Bc6 Ne6 59. Kh3 {The position is equal.} Nd4 60. Be8 Nxf3 61. Kg4 Nd2 (61... Ne5+ {seems wilder.} 62. Kxh4 Kb3 63. Kg3 Nd3 64. Bc6 Nc5) 62. Kxh4 Ne4 63. Kh3 Nc3 64. Kg2 $1 Nxa4 65. Kf2 Nc3 66. Ke3 a4 67. Bxa4 {Precision: White = 69%, Black = 73%.} 1/2-1/2

[Event "3rd India-China Summit 2018"]
[Site "Bhubaneswar"]
[Date "2018.10.20"]
[Round "5"]
[White "Aryan Chopra"]
[Black "Xu, Xiangyu"]
[Result "1/2-1/2"]
[WhiteElo "2541"]
[BlackElo "2586"]
[Annotator "TA"]
[PlyCount "91"]
[EventDate "2018.10.17"]
[EventType "schev"]
[EventCountry "IND"]
[SourceTitle "playchess.com"]
[Source "ChessBase"]
[SourceQuality "1"]
[WhiteTeam "India"]
[BlackTeam "China"]
[WhiteTeamCountry "IND"]
[BlackTeamCountry "CHN"]

{[%evp 24,91,17,11,12,16,18,0,24,-13,0,-35,-17,-47,-41,-77,-63,-197,-56,-59,-42,-64,-62,-72,-43,-86,-25,-110,-59,-56,-27,-79,-73,-81,-82,-120,-64,-74,-45,-55,-45,-45,-45,-44,-45,-50,-54,-50,-52,-72,-73,-73,-72,-72,-66,-73,0,0,0,0,0,0,0,0,0,0,0,0,0,0]} 1. e4 c5 2. Nf3 Nc6 3. d4 cxd4 4. Nxd4 Nf6 5. Nc3 d6 6. Bg5 e6 7. Qd2 a6 8. O-O-O Bd7 9. f3 Be7 10. Kb1 Nxd4 {B67: Sizilianisch (Richter/Rauser-Angriff)} 11. Qxd4 Qc7 (11... b5 12. Bxf6 gxf6 13. Ne2 Rc8 14. Qd2 Qb6 15. Nf4 h5 16. g3 Rc7 17. Bd3 Kd8 18. c3 {½-½ (41) Anand,V (2776)-Carlsen,M (2843) Karlsruhe/Baden-Baden 2018}) 12. h4 b5 13. g4 {LiveBook: 6 Partien} h5 14. gxh5 Nxh5 15. Rg1 (15. Qd2 {keeps more tension.} b4 16. Ne2 a5 17. Rg1 Nf6 18. c4) 15... Qc5 $146 (15... Nf6 {with more complications.} 16. Qd2 b4 17. Ne2 Rb8 18. Nf4 a5) ({Vorgänger:} 15... Nf6 16. Ne2 d5 17. e5 Bc5 18. Qd2 Nh5 19. Be3 {1-0 (54) Czerniawski,A-Kudr,R (2247) ICCF email 2012}) 16. Qxc5 (16. Qd2 {is more complex.} b4 17. Ne2 a5 18. Nd4 e5 19. Nb5) 16... dxc5 17. Ne2 Rc8 18. Kc1 g6 19. Kd2 Bc6 20. Ke3 {[#]} (20. Kc1 $15) 20... c4 ({Günstiger ist} 20... f6 $1 $19 {[%cal Rf6g5]} 21. Bf4 c4) 21. Bxe7 $15 Kxe7 22. Bg2 Nf6 23. Rh1 Rh6 24. Kf2 Rch8 (24... e5 $17) 25. Kg3 (25. b3 $1 $11) 25... Nh5+ (25... e5 $17 26. b3 Bd7 27. bxc4 Rc8) 26. Kf2 Ng7 27. Kg3 (27. b3 $11 {hält das Gleichgewicht.}) 27... e5 $17 28. b3 cxb3 29. cxb3 {[#]} Ne6 ({Besser ist} 29... b4 $1 $17 30. Nc1 Nh5+ 31. Kf2 Nf4) 30. Rc1 Ba8 (30... Bd7 {seems wilder.} 31. f4 Nxf4 32. Nxf4 exf4+ 33. Kxf4 Rxh4+ 34. Rxh4 Rxh4+ 35. Kg3 Rh8) 31. f4 exf4+ 32. Nxf4 Nxf4 33. Kxf4 Rxh4+ 34. Rxh4 Rxh4+ $15 {[%mdl 4096] Endspiel KTL-KTL} 35. Kg3 g5 36. Rc7+ Ke6 37. Bh3+ Kf6 38. e5+ Kxe5 {Droht stark ...Tf4.} 39. Rxf7 Kd4 (39... Rh6 $17) 40. Ra7 $11 {Die Stellung ist ausgeglichen.} Bd5 41. Rxa6 Kc3 42. Bg2 Bxg2 43. Kxg2 Kb2 44. Ra5 b4 45. Kg3 Rd4 46. Ra8 {Precision: Weiß = 49%, Schwarz = 40%.} 1/2-1/2

[Event "3rd India-China Summit 2018"]
[Site "Bhubaneswar"]
[Date "2018.10.21"]
[Round "6"]
[White "Karthikeyan, Murali"]
[Black "Bai, Jinshi"]
[Result "1/2-1/2"]
[WhiteElo "2604"]
[BlackElo "2566"]
[Annotator "TA"]
[PlyCount "110"]
[EventDate "2018.10.17"]
[EventType "schev"]
[EventCountry "IND"]
[SourceTitle "playchess.com"]
[Source "ChessBase"]
[SourceQuality "1"]
[WhiteTeam "India"]
[BlackTeam "China"]
[WhiteTeamCountry "IND"]
[BlackTeamCountry "CHN"]

{[%evp 12,110,17,20,27,14,33,24,36,30,19,0,0,-6,0,16,29,29,33,24,59,74,69,16,40,25,30,31,85,0,-1,0,-8,-10,-18,-17,0,-25,-25,-95,-97,-131,-130,-99,-87,-108,-88,-108,-44,-66,-42,-39,-21,-63,0,-409,-386,-406,-404,-452,-315,-313,-316,-303,-294,-251,-64,-63,-57,-55,-8,-8,-8,-8,-8,-8,-8,-8,-8,-8,-8,-8,-8,-8,-8,-8,0,0,0,0,0,0,0,0,-3,-3,0,-5,0,-7,0]} 1. e4 e5 2. Nf3 Nf6 3. Nxe5 d6 4. Nf3 Nxe4 5. Nc3 Nxc3 6. dxc3 Be7 7. Be3 Nc6 {C42: Petroff Defence: 3 Nxe5 and unusual White 3rd moves} 8. Bd3 Bf6 9. Qe2 O-O {White has an edge.} 10. O-O-O Re8 11. h4 h6 $146 ({Predecessor:} 11... Rb8 12. Kb1 b5 13. Ng5 h6 14. Qh5 Ne5 {1-0 (28) Amin,B (2689)-Yu,Y (2751) Riadh 2017}) 12. Qd2 Bg4 13. Rdg1 Kf8 14. Kb1 Qe7 15. Ng5 Ne5 16. Re1 Kg8 17. Bf4 (17. Bh7+ $14 Kh8 18. Bd3) 17... Qd7 18. Bh7+ Kh8 {Threatens to win with ...g6.} 19. Be4 Bf5 {[#]} (19... Kg8 $14) 20. Bxe5 (20. Qd5 $1 $16) 20... Rxe5 $11 21. Bxf5 Rxe1+ $1 22. Qxe1 Qxf5 23. Qe3 $1 d5 24. f4 Kg8 25. Qf3 (25. Re1 $11 {remains equal.} g6 26. Nf3) 25... Re8 $17 ({And not} 25... hxg5 26. hxg5 Re8 27. gxf6 $14) 26. g4 Qd7 27. a3 g6 28. Nh3 Bxh4 29. f5 g5 (29... c6 $17 30. Rf1 g5) 30. Nf4 $1 $15 gxf4 31. Rxh4 {[%mdl 4096] Endgame KQR-KQR} Qd6 $36 {[%mdl 2048] Black is pushing.} 32. Ka2 d4 (32... Re3 $15 33. Qh1 Kg7) 33. c4 $2 {[%mdl 8192]} (33. g5 $1 $11 {and White stays safe.}) 33... Qc6 $19 34. Qd3 Qe4 35. Qd2 Qe3 36. Qh2 Qe2 37. Rxh6 {White wants to mate with Rh8+.} Qxh2 38. Rxh2 {[#] KR-KR} f3 $2 ({Black should play} 38... Re4 $1 $19 39. Rf2 f6) 39. Rf2 $1 $15 Re3 {White must now prevent ...f6.} 40. g5 $1 c5 41. Rf1 {The position is equal.} Re2 42. Rxf3 Rxc2 43. Kb1 Rg2 44. g6 fxg6 45. fxg6 Rxg6 46. Rf5 b6 47. b4 Rc6 {Hoping for ...cxb4.} 48. Rd5 Kf8 49. bxc5 bxc5 50. Kc2 Ke7 51. Kd3 Rc7 52. Kd2 Ke6 53. Kd3 Ke7 54. Kd2 Ke6 55. Kd3 Ke7 {Precision: White = 68%, Black = 53%.} 1/2-1/2

[Event "3rd India-China Summit 2018"]
[Site "Bhubaneswar"]
[Date "2018.10.21"]
[Round "6"]
[White "Aravindh, Chithambaram VR."]
[Black "Lu, Shanglei"]
[Result "1/2-1/2"]
[WhiteElo "2579"]
[BlackElo "2635"]
[Annotator "TA"]
[PlyCount "72"]
[EventDate "2018.10.17"]
[EventType "schev"]
[EventCountry "IND"]
[SourceTitle "playchess.com"]
[Source "ChessBase"]
[SourceQuality "1"]
[WhiteTeam "India"]
[BlackTeam "China"]
[WhiteTeamCountry "IND"]
[BlackTeamCountry "CHN"]

{[%evp 10,72,28,9,67,58,74,73,64,76,63,66,72,59,73,68,66,29,95,93,88,69,58,80,109,102,108,108,120,113,112,102,164,123,189,146,168,143,170,181,152,132,136,135,127,80,65,47,72,42,49,52,59,58,33,17,87,22,25,13,56,58,62,71,69]} 1. Nf3 Nf6 2. g3 b5 {[%cal Bb7b5,Bb5b4][%mdl 32]} 3. Na3 {[%cal Bb1a3,Ba3c4,Bc4e5][%mdl 32]} b4 4. Nc4 a5 5. Bg2 Bb7 6. O-O {LiveBook: 6 Games. A05: Réti Opening: 1 Nf3 Nf6} d5 $146 (6... e6 $11) ({Predecessor:} 6... e6 7. d3 d5 8. Nce5 Bd6 9. c4 O-O 10. cxd5 exd5 11. d4 Ne4 {1-0 (33) Lenic,L (2659)-Aleksandrov,A (2554) Dubai 2014}) 7. Nce5 $14 {[#] Strongly threatening Ng5.} Nbd7 8. c4 e6 9. d4 Bd6 10. Bg5 dxc4 11. Nxd7 Qxd7 12. Ne5 Qb5 13. a4 Qa6 (13... bxa3 $11 14. Bxb7 Qxb7 15. Qa4+ Kf8 16. bxa3 c3) 14. Bxb7 $16 Qxb7 15. Bxf6 gxf6 16. Nxc4 O-O 17. e3 Qd5 18. Rc1 Rfd8 19. b3 Be7 20. Qe2 Rd7 (20... f5 $16 {was necessary.}) 21. Rfd1 Bf8 (21... Qe4 $16 {is a better defense.} 22. Nd2 Qf5) 22. Rd2 Rad8 23. Rcd1 Bg7 {[#]} 24. e4 $1 {[%cal Re4d5]} Qa8 25. Rd3 f5 26. exf5 exf5 {[%cal Rg7d4]} 27. Qf3 Qxf3 28. Rxf3 Bxd4 29. Kg2 Bb6 $1 ({Much weaker is} 29... Rd5 $6 30. Rfd3 $16) 30. Rxd7 Rxd7 31. Rxf5 $14 {[%mdl 4096] Endgame KRB-KRN} Rd3 32. Rf3 Rd1 (32... Rc3 $11) 33. g4 (33. Nxb6 $16 cxb6 34. Rf6) 33... Kg7 34. g5 {[%cal Bg4g5,Bg5f6][%mdl 32]} Rd5 35. h4 f5 36. gxf6+ Kf7 {Precision: White = 72%, Black = 41%.} 1/2-1/2

[Event "3rd India-China Summit 2018"]
[Site "Bhubaneswar"]
[Date "2018.10.21"]
[Round "6"]
[White "Xu, Xiangyu"]
[Black "Aryan Chopra"]
[Result "0-1"]
[WhiteElo "2577"]
[BlackElo "2541"]
[Annotator "TA"]
[PlyCount "66"]
[EventDate "2018.10.17"]
[EventType "schev"]
[EventCountry "IND"]
[SourceTitle "playchess.com"]
[Source "ChessBase"]
[SourceQuality "1"]
[WhiteTeam "China"]
[BlackTeam "India"]
[WhiteTeamCountry "CHN"]
[BlackTeamCountry "IND"]

{[%evp 22,66,51,30,24,0,0,-154,-150,-209,-236,-260,-258,-266,-256,-242,-251,-264,-272,-689,-646,-756,-756,-742,-740,-771,-755,-818,-823,-628,-524,-700,-675,-716,-714,-674,-681,-1443,-1541,-2450,-2405,-29949,-5289,-2915,-1533,-1222,-694]} 1. d4 Nf6 2. c4 g6 3. Nc3 Bg7 4. e4 d6 5. Be2 O-O 6. Be3 c5 7. d5 e6 8. Nf3 {E73: King's Indian: Averbakh Variation without 6...c5} exd5 9. cxd5 Bg4 (9... Re8 10. Nd2 c4 11. O-O Na6 12. Bf3 b6 13. Re1 Nc5 14. Bxc5 bxc5 15. e5 Rxe5 16. Rxe5 dxe5 17. Nxc4 {½-½ (23) Howell,D (2687)-Jones,G (2670) Hull 2018}) 10. Nd2 Bxe2 11. Qxe2 Re8 12. O-O {LiveBook: 14 Games} Na6 {[%cal Bb8a6,Ba6c7,Bc7d5,Bd5e3][%mdl 32]} 13. f3 Nc7 14. a4 $146 {[#]} (14. Qd3 $11) ({Predecessor:} 14. Qd3 Nd7 15. a4 Ne5 {0-1 (55) Konaplev,A (2337)-Zanan,E (2493) Batumi 2018}) 14... Nfxd5 $1 $17 {[%mdl 512]} 15. Nxd5 (15. Nc4 $17 {was worth a try.} Nxe3 16. Nxe3) 15... Nxd5 $19 16. Nc4 Nxe3 17. Nxe3 {[#]} d5 $1 {[%mdl 512]} 18. Kh1 (18. Nxd5 Qxd5) 18... dxe4 19. fxe4 Rxe4 20. Rxf7 $2 (20. Qf3 f5 21. Rac1) 20... Qd4 ({Not} 20... Kxf7 21. Qf3+ Kg8 22. Qxe4 $17) 21. Rf3 Rae8 22. Re1 Bh6 {[%cal Bg7h6,Bh6e3,Be3d4][%mdl 32]} 23. Qb5 Bxe3 24. Qxb7 R4e7 25. Qc6 Qd7 26. Qa6 Bd4 27. Qc4+ Kh8 28. Ref1 Re1 29. b4 Qxa4 30. Qf7 cxb4 31. h4 Rxf1+ 32. Rxf1 Bg7 33. Qc4 Qd7 {Precision: White = 19%, Black = 90%.} 0-1

[Event "3rd India-China Summit 2018"]
[Site "Bhubaneswar"]
[Date "2018.10.21"]
[Round "6"]
[White "Narayanan, Srinath"]
[Black "Xu, Yinglun"]
[Result "*"]
[WhiteElo "2565"]
[BlackElo "2533"]
[Annotator "TA"]
[PlyCount "30"]
[EventDate "2018.10.17"]
[EventType "schev"]
[EventCountry "IND"]
[SourceTitle "playchess.com"]
[Source "ChessBase"]
[SourceQuality "1"]
[WhiteTeam "India"]
[BlackTeam "China"]
[WhiteTeamCountry "IND"]
[BlackTeamCountry "CHN"]

{[%evp 13,15,5,0,-1]} 1. d4 Nf6 2. c4 e6 3. Nf3 d5 4. Nc3 dxc4 5. Qa4+ c6 6. Qxc4 b5 7. Qd3 a6 8. e4 {D43: Semi-Slav: 5 Bg5 h6} {Predecessor:} c5 $146 9. dxc5 Qxd3 10. Bxd3 Bxc5 11. e5 Nfd7 12. Ne4 Bb7 13. Bf4 Nc6 14. a3 Be7 15. Rc1 h6 {1-0 (33) Ivanchuk,V (2729)-Deac,B (2566) Medias 2017} *

[Event "3rd India-China Summit 2018"]
[Site "Bhubaneswar"]
[Date "2018.10.21"]
[Round "6"]
[White "Aryan Chopra"]
[Black "Xu, Xiangyu"]
[Result "*"]
[WhiteElo "2541"]
[BlackElo "2577"]
[Annotator "TA"]
[PlyCount "30"]
[EventDate "2018.10.17"]
[EventType "schev"]
[EventCountry "IND"]
[SourceTitle "playchess.com"]
[Source "ChessBase"]
[SourceQuality "1"]
[WhiteTeam "India"]
[BlackTeam "China"]
[WhiteTeamCountry "IND"]
[BlackTeamCountry "CHN"]

{[%evp 22,24,27,22,31]} 1. d4 Nf6 2. c4 g6 3. Nc3 Bg7 4. e4 d6 5. Be2 O-O 6. Be3 c5 7. d5 e6 8. Nf3 {E73: King's Indian: Averbakh Variation without 6...c5} exd5 9. cxd5 Bg4 10. Nd2 Bxe2 11. Qxe2 Re8 12. O-O {LiveBook: 14 Games} Na6 {Predecessor:} 13. Kh1 $146 Nc7 14. a4 Nxe4 15. Ndxe4 f5 {0-1 (78) Makhnev,D (2449)-Jones,G (2677) Batumi 2018} *

[Event "3rd India-China Summit 2018"]
[Site "Bhubaneswar"]
[Date "2018.10.21"]
[Round "6"]
[White "Xu, Yinglun"]
[Black "Narayanan, Srinath"]
[Result "1/2-1/2"]
[WhiteElo "2533"]
[BlackElo "2565"]
[Annotator "TA"]
[PlyCount "68"]
[EventDate "2018.10.17"]
[EventType "schev"]
[EventCountry "IND"]
[SourceTitle "playchess.com"]
[Source "ChessBase"]
[SourceQuality "1"]
[WhiteTeam "China"]
[BlackTeam "India"]
[WhiteTeamCountry "CHN"]
[BlackTeamCountry "IND"]

{[%evp 17,68,0,0,0,0,0,0,-1,3,0,17,7,0,12,50,18,72,61,59,-31,0,-41,-43,-105,137,0,0,0,61,41,58,44,36,0,0,-6,-6,-104,-95,-112,0,0,0,0,0,0,0,0,0,0,0,0,0]} 1. d4 Nf6 2. c4 e6 3. Nf3 d5 4. Nc3 dxc4 5. Qa4+ c6 6. Qxc4 b5 7. Qd3 a6 8. e4 {[%cal Be2e4,Be4e5][%mdl 32] D43: Damengambit (Botwinnik-Variante)} (8. Bg5 c5 9. a4 cxd4 10. Nxd4 bxa4 11. e3 Bb7 12. Be2 Nbd7 13. O-O Be7 14. Nxa4 O-O 15. Rfc1 Qa5 16. Bxf6 Nxf6 {½-½ (52) Lupulescu,C (2620)-Gelfand,B (2737) Heraklio 2017}) 8... c5 9. e5 cxd4 {LiveBook: 3 Partien} 10. Nxb5 axb5 11. exf6 Nc6 12. fxg7 Bxg7 13. Be2 {[#]} b4 $146 ({Vorgänger:} 13... e5 14. O-O Be6 15. Qxb5 Qd7 {½-½ (46) Tregubov,P (2627)-Gelashvili,T (2547) Dubai 2002}) 14. Qe4 Bb7 15. O-O Ra5 16. Bd2 Qa8 (16... Qd7 $11) 17. Qg4 $36 {[%mdl 2048] Weiss hat gut koordiniertes Spiel.} Bf6 $1 18. Rac1 (18. Bd3 $14) 18... h5 {[%cal Bh7h5,Bh5h4][%mdl 32]} 19. Qg3 h4 20. Qg4 ({Günstiger ist} 20. Qh3 $1 $15) 20... Kd7 $2 {[#]} (20... Ne7 $1 $17 21. Ng5 (21. Bxb4 $2 Rg8 $19) 21... Bxg2 22. Qxg2 Qxg2+ 23. Kxg2 Bxg5 24. Bxb4 Bxc1 25. Bxa5 Bxb2) 21. Rfd1 (21. Ng5 $1 $16) 21... Rg8 $1 $11 {[%cal Rg8g4]} 22. Qh3 $1 (22. Qf4 $2 Rf5 $19) 22... Ke8 (22... Ne5 $11 23. Ne1 (23. Nxh4 $2 Bxh4 24. g3 Ba6 $19) 23... Ke8) 23. Ne1 $14 d3 ({Bitte nicht} 23... Rxa2 24. Bb5 $16) 24. Bxd3 Bxb2 25. Rc2 Bf6 26. Rcc1 Nd4 {Und ...Ta3 würde nun gewinnen.} 27. a4 (27. Be3 $11) 27... Re5 $17 {Droht stark ...Txe1+.} 28. Be3 {[#]} Nf3+ ({Lieber} 28... Nf5 $1 $17 {[%cal Rf5e3]} 29. Bxf5 (29. Bb5+ $2 Rxb5 30. axb5 Nxe3 $17) 29... Rxf5) 29. Nxf3 $11 {Die Stellung ist ausgeglichen.} Bxf3 30. Rc8+ $1 Qxc8 31. Qxf3 Bg5 {zielt auf ...Lxe3 ab.} 32. Bb5+ Kf8 33. Bxg5 $1 Rexg5 34. Qf6 $1 {Droht Td8+ und aus.} Rd5 {Precision: Weiß = 54%, Schwarz = 53%.} ({Falsch wäre} 34... Rxg2+ $2 35. Kh1 $18) 1/2-1/2

[Event "3rd India-China Summit 2018"]
[Site "Bhubaneswar"]
[Date "2018.10.22"]
[Round "7"]
[White "Xu, Xiangyu"]
[Black "Karthikeyan, Murali"]
[Result "1/2-1/2"]
[WhiteElo "2577"]
[BlackElo "2604"]
[Annotator "TA"]
[PlyCount "40"]
[EventDate "2018.10.17"]
[EventType "schev"]
[EventCountry "IND"]
[SourceTitle "playchess.com"]
[Source "ChessBase"]
[SourceQuality "1"]
[WhiteTeam "China"]
[BlackTeam "India"]
[WhiteTeamCountry "CHN"]
[BlackTeamCountry "IND"]

{[%evp 25,40,0,12,0,0,0,0,0,0,0,0,0,0,0,0,0,0]} 1. d4 Nf6 2. c4 g6 3. Nc3 Bg7 4. e4 d6 5. Be2 O-O 6. Nf3 e5 7. dxe5 dxe5 8. O-O c6 9. Nxe5 {E94: King's Indian: Classical: 6 Be2 e5 7 0-0: Various Black 7th moves} Nxe4 10. Nxe4 Bxe5 11. Qxd8 (11. Bg5 Qc7 12. f4 Bxb2 13. Bf6 Qb6+ 14. c5 Qb4 15. Bxb2 Qxb2 16. Rb1 Qg7 {1-0 (29) Navara,D (2741)-Kokarev,D (2608) Linares 2018}) 11... Rxd8 12. Bg5 Re8 13. Bf3 Bf5 {LiveBook: 3 Games. The position is equal.} 14. Nf6+ Bxf6 $1 15. Bxf6 Nd7 16. Bc3 Ne5 17. Be2 Nd3 18. Bf3 $146 ({Predecessor:} 18. Bxd3 Bxd3 {½-½ (41) Csonka,B (2326)-Kovalev,A (2465) Budapest 2013}) 18... Ne5 19. Be2 Nd3 20. Bf3 Ne5 1/2-1/2